Statistics for Latin name for bones

Click here to take the quiz!

General Stats

  • This quiz has been taken 379 times
  • The average score is 6 of 10

Answer Stats

HintAnswer% Correct
KneePatella
84%
Upper LegFemur
81%
SkullCranium
71%
Upper ArmHumerus
70%
Breast BoneSternum
70%
ShinFibula
50%
Collar BoneClavicle
49%
HipPelvis
48%
Fingers/ToesPhalanges
43%
ChestRibs
21%

Score Distribution

Percentile by Number Answered

Percent of People with Each Score

Your Score History

You have not taken this quiz